00730cam a22002294a 450000100090000000300050000900500170001400800410003101000170007202000150008904000180010404200080012205000250013008200230015524501240017826000560030230000320035850000080039050400510039865000250044970000260047413107397NUST20171215101938.0030228s2003 paua b 001 0 eng  a 2003045100 a080313357X aDLCcDLCdDLC apcc00aQR53.5.P48bF84 200300a662.601576 FRE22100aFuel and fuel system microbiology-- fundamentals, diagnosis, and contamination control /cFrederick J. Passman, Editor. aWest Conshohocken, PA :bASTM International,c2003. ax, 114 p. :bill. ;c28 cm. aP.B aIncludes bibliographical references and index. 0aFuelsxMicrobiology.1 aPassman, Frederick J.